[Event "ITA-chT"]
[Site "ITA"]
[Date "1993.??.??"]
[Round "4"]
[White "Fercec, Nenad"]
[Black "Scafarelli, Francesco"]
[Result "1/2-1/2"]
[WhiteElo "2385"]
[BlackElo "2300"]

1.e4 c5 2.Nf3 Nc6 3.d4 cxd4 4.Nxd4 Nf6 5.Nc3 d6 6.Bg5 e6 7.Qd2 a6 8.O-O-O h6
9.Be3 Be7 10.f4 Nxd4 11.Qxd4 b5 12.Be2 Bb7 13.Bf3 Rc8 14.e5 Bxf3 15.gxf3 dxe5
16.fxe5 Qxd4 17.Bxd4 Nd7 18.Ne4 O-O 19.Rhg1 Kh7 20.Rg2 Nc5 21.Nd6 Rc6 22.Be3 g6
23.f4 Bxd6 24.Rxd6 Rxd6 25.Bxc5 Rdd8 26.Bxf8 Rxf8 27.Rd2 g5 28.Rd6 gxf4 29.Rxa6 Rd8
30.Rd6 Ra8 31.Rd4 Rxa2 32.Rxf4 Ra1+ 33.Kd2 Kg6 34.Rb4 Rh1 35.Rxb5 Rxh2+ 36.Kd3 Kf5
37.Rb7 Kxe5 38.Rxf7 h5 39.b4 Kd6 40.Rh7 Rh4 41.Rh6 Rxb4 42.Rxh5  1/2-1/2

[Event "ITA-chT"]
[Site "ITA"]
[Date "1993.??.??"]
[Round "5"]
[White "Belotti, Bruno"]
[Black "Vallifuoco, Giovanni"]
[Result "0-1"]
[WhiteElo "2410"]
[BlackElo "2260"]

1.e4 c5 2.Nf3 d6 3.d4 cxd4 4.Nxd4 Nf6 5.Nc3 Nc6 6.Bg5 Bd7 7.Bxf6 gxf6 8.Be2 Rg8
9.Bf3 Nxd4 10.Qxd4 Qa5 11.O-O Rc8 12.e5 fxe5 13.Qd3 Bc6 14.Qxh7 Rg6 15.Bxc6+ Rxc6
16.a3 Rc4 17.g3 Qc5 18.Rfe1 Qc8 19.Qh5 Qg4 20.Qxg4 Rgxg4 21.Re2 e6 22.f3 Rgd4
23.Kg2 a6 24.Ne4 Rc8 25.h4 f5 26.c3 Rdc4 27.Nd2 R4c7 28.g4 Rh7 29.Rh1 Be7
30.g5 Kf7 31.f4 Rch8 32.fxe5 Rxh4 33.Rxh4 Rxh4 34.g6+ Kg7 35.Nb3 dxe5 36.Rxe5 Kf6
37.Re1 Rg4+ 38.Kf3 e5 39.Na5 e4+ 40.Kf2 Bc5+  0-1

[Event "Jakarta Interzonal (Women)"]
[Site "Jakarta"]
[Date "1993.??.??"]
[Round "?"]
[White "Dabrowska, Krystyna"]
[Black "Lumongdong, Lisa Karlina"]
[Result "1-0"]
[WhiteElo "2240"]
[BlackElo "2080"]

1.e4 c5 2.Nf3 Nc6 3.d4 cxd4 4.Nxd4 Nf6 5.Nc3 d6 6.Bg5 e6 7.Qd2 a6 8.O-O-O h6
9.Bf4 Bd7 10.Nxc6 Bxc6 11.f3 d5 12.Qe1 Bb4 13.a3 Ba5 14.exd5 Bxd5 15.Be5 Bxc3
16.Bxc3 O-O 17.Bd3 Qc7 18.Qe3 Nd7 19.g4 f6 20.Rhe1 Nc5 21.Bg6 Na4 22.Bd4 Rac8
23.Kb1 Qc4 24.b3 Nc3+ 25.Bxc3 Qxc3 26.f4 Qa5 27.Kb2 b5 28.Rd4 Rfd8 29.Red1 Qc7
30.Qd2 Qb7 31.f5 Rf8 32.Re1 Rc6 33.Re3 Qb6 34.Red3 Rfc8 35.fxe6 Rxc2+ 36.Qxc2 Rxc2+
37.Kxc2 Kf8 38.Rxd5  1-0

[Event "Jyvaskyla op"]
[Site "Jyvaskyla"]
[Date "1993.??.??"]
[Round "4"]
[White "Maki, Veijo"]
[Black "Manninen, Marko"]
[Result "1/2-1/2"]
[WhiteElo "2405"]
[BlackElo "2355"]

1.e4 c5 2.Nf3 d6 3.Nc3 Nf6 4.d4 cxd4 5.Nxd4 Nc6 6.Bg5 e6 7.Qd2 Be7 8.O-O-O Nxd4
9.Qxd4 O-O 10.e5 dxe5 11.Qxe5 Qe8 12.h4 Bd7 13.Rh3 Bc6 14.Rg3 Qb8 15.Qe3 Rd8
16.Bd3 Bd6 17.Bxf6 Bxg3 18.fxg3 gxf6 19.Qh6 f5 20.Qg5+ Kf8 21.Re1 Qd6 22.h5 Qd4
23.h6 Qg4 24.Qe3 Qd4 25.Qg5 Qg4 26.Qe3 Rac8 27.Kb1 Qd4 28.Qg5 Qg4 29.Qe3 Bxg2
30.Qxa7 Qxg3 31.Rc1 Qf4 32.Qg1 Be4 33.Qg7+ Ke7 34.Rf1 Qe3 35.Bxe4 fxe4 36.Qxf7+ Kd6
37.Qxh7 Ke5 38.Qg7+ Kd6 39.Qxb7 Ke5 40.Qg7+ Kd6 41.Nb5+ Kd5 42.Qb7+ Ke5 43.Qg7+ Kd5
44.Rc1 Qd2 45.Qb7+ Ke5 46.Qg7+ Kd5 47.Qb7+ Ke5 48.Qg7+ Kd5  1/2-1/2

[Event "Katerini GP"]
[Site "Katerini"]
[Date "1993.??.??"]
[Round "3"]
[White "Arnason, Jon L"]
[Black "Kaloussis, Evangelos"]
[Result "1-0"]
[WhiteElo "2530"]
[BlackElo "2280"]

1.e4 c5 2.Nf3 Nc6 3.d4 cxd4 4.Nxd4 Nf6 5.Nc3 d6 6.Bg5 e6 7.Qd2 Be7 8.O-O-O a6
9.f4 Qc7 10.Nf3 b5 11.Bxf6 gxf6 12.Kb1 Bd7 13.Bd3 Na5 14.f5 Rc8 15.fxe6 fxe6
16.Qh6 Nc4 17.Rhe1 Ne5 18.Nxe5 fxe5 19.Qg7 Rf8 20.Be2 b4 21.Rf1 Rxf1 22.Rxf1 Bb5
23.Qg8+ Kd7 24.Qxe6+ Kd8 25.Qg8+ Kd7 26.Bg4+ Kc6 27.Bxc8 Bxf1 28.Qe8+ Kc5
29.Nd5 Qd8 30.Qxe7 Qxe7 31.Nxe7 Bxg2 32.Nf5 h5 33.Kc1 a5 34.Kd2 a4 35.Ke3 a3
36.b3 Bf1 37.h4  1-0

[Event "Katerini GP"]
[Site "Katerini"]
[Date "1993.??.??"]
[Round "4"]
[White "Tzermiadianos, Andreas"]
[Black "Grivas, Efstratios"]
[Result "1/2-1/2"]
[WhiteElo "2315"]
[BlackElo "2505"]

1.e4 c5 2.Nf3 d6 3.d4 cxd4 4.Nxd4 Nf6 5.Nc3 Nc6 6.Bg5 e6 7.Qd2 Be7 8.O-O-O O-O
9.f4 Nxd4 10.Qxd4 Qa5 11.Kb1 h6 12.Bh4 e5 13.Qd2 Nxe4 14.Nxe4 Qxd2 15.Rxd2 Bxh4
16.Nxd6 exf4 17.Bc4 Be7 18.Re1 Bxd6 19.Rxd6 Be6 20.Bxe6 fxe6 21.Rdxe6 f3
22.gxf3 Rxf3 23.a4 Rf2 24.Re7 b6 25.Rd1 Rxh2 26.Rg1 g5 27.Rd1 Rc8 28.c3 Rf8
29.Rdd7 Rff2 30.Ka1 Rh1+ 31.Ka2 Rhh2 32.Ka3 g4 33.Rg7+ Kf8 34.Rh7 Kg8 35.Rdg7+ Kf8
36.Rxa7 Kg8 37.Rhg7+ Kh8 38.Rgb7 Kg8 39.Rb8+ Rf8 40.Rxb6 Rf7 41.Rg6+ Kh7
42.Rxf7+ Kxg6 43.Rf1 h5 44.a5 Re2 45.b4 Re8 46.b5 h4 47.b6 h3 48.Rh1 Rb8
49.c4 Kf5 50.c5 Rg8 51.b7 g3 52.Rxh3 g2 53.b8=Q Rxb8 54.Rg3 Ke6 55.Rxg2 Kd5
56.Ka4 Rb1  1/2-1/2

[Event "Katerini GP"]
[Site "Katerini"]
[Date "1993.??.??"]
[Round "6"]
[White "Sirigos, Nikolaos"]
[Black "Grosar, Aljosa"]
[Result "1/2-1/2"]
[WhiteElo "2310"]
[BlackElo "2470"]

1.e4 c5 2.Nf3 d6 3.d4 cxd4 4.Nxd4 Nf6 5.Nc3 Nc6 6.Bg5 e6 7.Qd3 a6 8.O-O-O Bd7
9.Be2 h6 10.Bh4 Be7 11.f4 Qc7 12.Bf3 O-O-O 13.Bg3 g5 14.e5 Ne8 15.exd6 Bxd6
16.f5 Bf4+ 17.Kb1 Nf6 18.Bxc6 Bxc6 19.fxe6 fxe6 20.Bxf4 gxf4 21.Qe2 Rhe8
22.Nxc6 Qxc6 23.Qe5 Nd5 24.Nxd5 Rxd5 25.Qxf4 Rxd1+  1/2-1/2

[Event "Katerini GP"]
[Site "Katerini"]
[Date "1993.??.??"]
[Round "8"]
[White "Makropoulou, Marina"]
[Black "Kofidis, Andreas"]
[Result "1-0"]
[WhiteElo "2270"]
[BlackElo "2400"]

1.e4 c5 2.Nf3 d6 3.d4 cxd4 4.Nxd4 Nf6 5.Nc3 Nc6 6.Bg5 e6 7.Qd2 a6 8.O-O-O Be7
9.f3 Bd7 10.h4 Rc8 11.Kb1 Na5 12.g4 b5 13.a3 Nc4 14.Bxc4 Rxc4 15.Be3 b4 16.axb4 Rxb4
17.g5 Nh5 18.f4 Qb8 19.b3 a5 20.Rhg1 O-O 21.f5 g6 22.f6 Bd8 23.Nde2 Bc7 24.e5 d5
25.Bc5 Bxe5 26.Bxb4 Qxb4 27.Nxd5 exd5 28.Qxb4 axb4 29.Rxd5 Bh2 30.Rxd7 Bxg1
31.Nxg1 Rb8 32.Nf3 Nf4 33.Ne5 Ne2 34.Nxf7 Ra8 35.Nh6+ Kh8 36.Nf7+ Kg8 37.Nh6+ Kh8
38.Rg7 Nc3+ 39.Kc1 Ra1+ 40.Kd2 Ne4+ 41.Ke2 Ng3+ 42.Kf2 Ne4+ 43.Kg2 Nxg5 44.Rg8+  1-0

[Event "Katowice op"]
[Site "Katowice"]
[Date "1993.??.??"]
[Round "3"]
[White "Mainka, Romuald"]
[Black "Twardon, Marian"]
[Result "1-0"]
[WhiteElo "2515"]
[BlackElo "2355"]

1.e4 c5 2.Nf3 d6 3.d4 cxd4 4.Nxd4 Nf6 5.Nc3 Nc6 6.Bg5 Qb6 7.Nb3 e6 8.Bxf6 gxf6
9.Qd2 a6 10.Be2 h5 11.h4 Bd7 12.g3 O-O-O 13.a4 Na5 14.Nd5 exd5 15.Nxa5 dxe4
16.Ra3 e3 17.Rxe3 Bh6 18.f4 Bxa4 19.Re4 Bb5 20.Bxb5 axb5 21.Kd1 Rhe8 22.Rhe1 Rxe4
23.Rxe4 d5 24.Re1 d4 25.Nb3 f5 26.Qd3 Kb8 27.Kc1 Bg7 28.Kb1 Qc6 29.Re7 Re8
30.Rxe8+ Qxe8 31.Qxf5 Qe1+ 32.Ka2 Qxg3 33.Qxf7 d3 34.cxd3 Qg1 35.Qe8+ Ka7
36.Qxh5 Qg2 37.d4  1-0

[Event "Katowice op"]
[Site "Katowice"]
[Date "1993.??.??"]
[Round "7"]
[White "Ciemniak, Robert"]
[Black "Walek, Milan"]
[Result "1/2-1/2"]
[WhiteElo "2440"]
[BlackElo "2280"]

1.e4 c5 2.Nf3 d6 3.d4 cxd4 4.Nxd4 Nf6 5.Nc3 Nc6 6.Bg5 e6 7.Qd2 a6 8.O-O-O h6
9.Be3 Bd7 10.f3 b5 11.Bd3 Be7 12.g4 Qc7 13.Kb1 Ne5 14.h4 Nc4 15.Bxc4 Qxc4
16.g5 Nh5 17.gxh6 g6 18.e5 dxe5 19.Nb3 Qc7 20.Ne4 Bc6 21.Bg5 f6 22.Be3 O-O
23.Qg2 Kh7 24.Nbc5 Bd5 25.Rhg1 Rg8 26.Rd2 Qc6 27.Nd3 Rac8 28.Rf1 Qc7 29.Qh2 Bf8
30.Nxe5 fxe5 31.Ng5+ Kh8 32.Bb6 Qb7 33.Be3 Be7 34.Nf7+ Kh7 35.Rg2 Rcf8 36.Nxe5 Rf5
37.Bd4 Bd6 38.Rg5 Bxe5 39.Bxe5 Qc8 40.f4 Rxg5 41.hxg5 Rf8 42.Qf2 Rf7 43.b3 Qb7
44.Qe3 Rf8 45.Rf2 a5 46.Rh2 a4 47.Kb2 Be4 48.Rd2 Bd5 49.Rd4 Ra8 50.Qc3 Qa7
51.bxa4 bxa4 52.Rxa4 Qb7+ 53.Rb4 Rxa2+ 54.Kb1 Qa7 55.Bd4 Qf7 56.Rb8 Ra8 57.Rxa8 Bxa8
58.Qc8 Qb7+ 59.Qxb7+ Bxb7 60.Be5 Ng3 61.Kb2 Bd5 62.Kc3 Ne4+ 63.Kd3 Nc5+ 64.Kd4 Nd7
65.Bc7 Bc6 66.c4 Bf3 67.c5 Bc6 68.Kc4 Kg8  1/2-1/2

[Event "Katowice op"]
[Site "Katowice"]
[Date "1993.??.??"]
[Round "9"]
[White "Grabarczyk, Bogdan"]
[Black "Panchenko, Alexander N"]
[Result "1-0"]
[WhiteElo "2345"]
[BlackElo "2460"]

1.e4 c5 2.Nf3 d6 3.d4 cxd4 4.Nxd4 Nf6 5.Nc3 Nc6 6.Bg5 e6 7.Qd3 a6 8.O-O-O Bd7
9.f4 b5 10.Nxc6 Bxc6 11.Qe3 Be7 12.Bxf6 Bxf6 13.e5 Be7 14.exd6 Bxd6 15.Ne4 Bxe4
16.Qxe4 O-O 17.Bd3 g6 18.h4 Qf6 19.Rdf1 Rfd8 20.g4 Bf8 21.f5 exf5 22.gxf5 Bg7
23.c3 Qe5 24.fxg6 hxg6 25.h5 gxh5 26.Qf3 Ra7 27.Rxh5 Qd6 28.Bc2 Re7 29.Qh1 Red7
30.Rh8+ Bxh8 31.Qh7+ Kf8 32.Qxh8+ Ke7 33.Re1+ Qe6 34.Rxe6+ fxe6 35.Qe5 Rf8  1-0

[Event "Kecskemet"]
[Site "Kecskemet"]
[Date "1993.??.??"]
[Round "5"]
[White "Luther, Thomas"]
[Black "Videki, Sandor"]
[Result "1/2-1/2"]
[WhiteElo "2480"]
[BlackElo "2415"]

1.e4 c5 2.Nf3 d6 3.d4 cxd4 4.Nxd4 Nf6 5.Nc3 Nc6 6.Bg5 Bd7 7.Qd2 Rc8 8.O-O-O Nxd4
9.Qxd4 Qa5 10.Bd2 a6 11.a3 Qc5 12.Qxc5 Rxc5 13.f3 g6 14.Be3 Rc8 15.Bd4 Bg7
16.Nd5 Nh5 17.Nb6 Rc6 18.Nxd7 Bxd4 19.Rxd4 Kxd7 20.g3 f6 21.Bh3+ e6 22.Rb4 Rc7
23.Rd1 Ke7 24.Rb6 Rd8 25.Rd3 f5 26.exf5 gxf5 27.Re3 Kf7 28.f4 Ng7 29.Rc3 Re7
30.Rcb3 Rdd7 31.c4 e5 32.Rd3 exf4 33.gxf4 Re4  1/2-1/2

[Event "Kecskemet"]
[Site "Kecskemet"]
[Date "1993.??.??"]
[Round "12"]
[White "Luther, Thomas"]
[Black "Groszpeter, Attila"]
[Result "1/2-1/2"]
[WhiteElo "2480"]
[BlackElo "2515"]

1.e4 c5 2.Nf3 d6 3.d4 cxd4 4.Nxd4 Nf6 5.Nc3 Nc6 6.Bg5 e6 7.Qd2 a6 8.O-O-O Bd7
9.f3 Be7 10.Kb1 Qc7 11.h4 Rc8 12.g4 Nxd4 13.Qxd4 b5 14.Qd2 h5 15.gxh5 Nxh5
16.Rh2 b4 17.Ne2 Bf6 18.Nc1 a5 19.Rg2 Ke7  1/2-1/2

[Event "Komotini GP"]
[Site "Komotini"]
[Date "1993.??.??"]
[Round "2"]
[White "Makropoulou, Marina"]
[Black "Atalik, Suat"]
[Result "0-1"]
[WhiteElo "2270"]
[BlackElo "2535"]

1.e4 c5 2.Nf3 d6 3.d4 cxd4 4.Nxd4 Nf6 5.Nc3 Nc6 6.Bg5 e6 7.Qd2 a6 8.O-O-O h6
9.Be3 Bd7 10.f3 Rc8 11.Kb1 Be7 12.g4 Nxd4 13.Bxd4 e5 14.Be3 Qa5 15.h4 Be6
16.Nd5 Qxd2 17.Nxf6+ Bxf6 18.Rxd2 Rc6 19.a4 Bd8 20.Be2 Bb6 21.Bxb6 Rxb6 22.a5 Rc6
23.b3 Ke7 24.Kb2 g6 25.c4 b6 26.Ra1 h5 27.g5 Rb8 28.Rc2 f6 29.gxf6+ Kxf6
30.axb6 Rcxb6 31.Rc3 Rc8 32.Kc2 Rc5 33.Rg1 a5 34.f4 exf4 35.Rf3 a4 36.Rxf4+ Ke5
37.Rf2 axb3+ 38.Kb2 Bxc4 39.Bxc4 Rxc4 40.Rxg6 Ra4 41.Kc3 Kxe4 42.Rg5 Ra2
43.Rb2 d5  0-1

[Event "Komotini GP"]
[Site "Komotini"]
[Date "1993.??.??"]
[Round "8"]
[White "Kosebay, Osman"]
[Black "Grosar, Aljosa"]
[Result "0-1"]
[WhiteElo "2215"]
[BlackElo "2470"]

1.e4 c5 2.Nf3 d6 3.d4 cxd4 4.Nxd4 Nf6 5.Nc3 Nc6 6.Bg5 e6 7.Qd2 a6 8.O-O-O Bd7
9.f4 b5 10.Bxf6 gxf6 11.Nxc6 Bxc6 12.Qe1 Ra7 13.Bd3 b4 14.Nd5 exd5 15.exd5+ Re7
16.Qxb4 Bb7 17.Bxa6 Bxa6 18.Qa4+ Qd7 19.Qxa6 Bh6 20.Qa8+ Qd8 21.Qxd8+ Kxd8
22.g3 Rhe8 23.c3 f5 24.Kc2 Bg7 25.Rd2 Bf6 26.a4 Re4 27.Ra1 Kc7 28.a5 Kb7
29.Ra3 Ka6 30.b4 Kb5 31.Rd3 Rc8 32.Rf3 Rxb4 33.a6 Ra4 34.Rb3+ Kxa6 35.Rf1 Ra5
36.Rfb1 Rxd5  0-1

[Event "Las Palmas3"]
[Site "Las Palmas"]
[Date "1993.??.??"]
[Round "1"]
[White "Magem Badals, Jorge"]
[Black "Garcia Ilundain, David"]
[Result "1/2-1/2"]
[WhiteElo "2505"]
[BlackElo "2480"]

1.e4 c5 2.Nf3 d6 3.d4 cxd4 4.Nxd4 Nf6 5.Nc3 Nc6 6.Bg5 e6 7.Qd2 a6 8.O-O-O Bd7
9.f3 Qa5 10.Be3 b5 11.a3 Rb8 12.Kb1 Ne5 13.Nd5 Qxd2 14.Nxf6+ gxf6 15.Bxd2 Rg8
16.Rg1  1/2-1/2

[Event "Las Vegas op"]
[Site "Las Vegas"]
[Date "1993.??.??"]
[Round "6"]
[White "Ivanov, Alexander"]
[Black "Sutovskij, Emil"]
[Result "0-1"]
[WhiteElo "2525"]
[BlackElo "2340"]

1.e4 c5 2.Nf3 d6 3.d4 cxd4 4.Nxd4 Nf6 5.Nc3 Nc6 6.Bg5 e6 7.Qd2 a6 8.O-O-O h6
9.Be3 Qc7 10.f3 Ne5 11.Kb1 Be7 12.h4 Nfd7 13.Be2 Nc4 14.Bxc4 Qxc4 15.g4 Ne5
16.g5 h5 17.f4 Ng4 18.f5 g6 19.b3 Qb4 20.Kb2 Ne5 21.Qe2 Bd7 22.a3 Qa5 23.f6 Bd8
24.Bg1 b5 25.Na2 Qc7 26.Nf3 Ng4 27.Bh2 Nxh2 28.Rxh2 Rc8 29.Qd3 Bc6 30.Nc3 Bb7
31.Rhd2 O-O 32.Qe3 d5 33.e5 Qb8 34.Ne2 Ba8 35.Nf4 Ba5 36.b4 Bb6 37.Nd4 a5
38.c3 Rc4 39.Rd3 Rfc8 40.Nfe2 Bc7 41.Nf3 Re4 42.Qf2 Bxe5 43.Nxe5 Qxe5 44.Nd4 Rc4
45.Nf3 Re2+ 46.R1d2 Rxf2 47.Nxe5 Rxd2+ 48.Rxd2 Rxh4 49.bxa5 Re4 50.Nd7 Ra4
51.Rd4 Rxa5 52.Ne5 Ra4 53.Nf3 Kf8 54.Kb3 Ke8 55.Kb2 Bc6 56.Ne5 Bd7 57.Ka2 Rxd4
58.cxd4 h4 59.Nf3 h3 60.Kb2 e5 61.Kc3 e4 62.Nh2 Kd8 63.Kd2 Kc7 64.Ke3 Kb6
65.Kf2 Ka5 66.Nf1 Ka4 67.Ne3 Be6 68.Nc2 Kb3 69.Nb4 Kxa3 70.Nc6 e3+  0-1

[Event "Leeuwarden op"]
[Site "Leeuwarden"]
[Date "1993.??.??"]
[Round "9"]
[White "Psakhis, Lev"]
[Black "Huzman, Alexander"]
[Result "1/2-1/2"]
[WhiteElo "2585"]
[BlackElo "2520"]

1.e4 c5 2.Nf3 d6 3.d4 cxd4 4.Nxd4 Nf6 5.Nc3 Nc6 6.Bg5 e6 7.Qd2 a6 8.O-O-O h6
9.Bf4 Bd7 10.Nxc6 Bxc6 11.Qe1 Qa5 12.f3 O-O-O 13.Bc4 Nd7 14.a3 g5 15.Bd2 Qc7
16.Ba2 Bg7 17.Kb1 Be5 18.Ne2 Bb5 19.h4 Bc4 20.Bxc4 Qxc4 21.Bc3 g4 22.f4 Bxc3
23.Nxc3 Qc5 24.Rd3 Nb6 25.Qe2 h5 26.Rhd1 Rhe8 27.Na2 Kb8 28.Rc3 Qa5 29.Nb4 Rc8
30.Rxc8+ Nxc8 31.e5 Qc7 32.Rd3 d5 33.Rb3  1/2-1/2

[Event "Lenk op"]
[Site "Lenk"]
[Date "1993.??.??"]
[Round "9"]
[White "Robovic, Saudin"]
[Black "Csom, Istvan"]
[Result "1/2-1/2"]
[WhiteElo "2365"]
[BlackElo "2520"]

1.e4 c5 2.Nf3 d6 3.d4 cxd4 4.Nxd4 Nf6 5.Nc3 Nc6 6.Bg5 e6 7.Qd2 a6 8.O-O-O h6
9.Be3 Bd7 10.f3 b5 11.g4 Nxd4 12.Bxd4  1/2-1/2

[Event "Leon"]
[Site "Leon"]
[Date "1993.??.??"]
[Round "9"]
[White "Morovic Fernandez, Ivan"]
[Black "Sion Castro, Marcelino"]
[Result "1-0"]
[WhiteElo "2570"]
[BlackElo "2390"]

1.e4 c5 2.Nf3 d6 3.d4 cxd4 4.Nxd4 Nf6 5.Nc3 Nc6 6.Bg5 e6 7.Qd2 a6 8.O-O-O h6
9.Bf4 Bd7 10.Nxc6 Bxc6 11.Qe1 Be7 12.e5 Nh5 13.Be3 Qc7 14.Be2 g6 15.Bxh5 gxh5
16.Bf4 O-O-O 17.exd6 Bxd6 18.Rxd6 Rxd6 19.f3 Rd1+ 20.Nxd1 Qxf4+ 21.Ne3 h4
22.h3 Rg8 23.Kb1 e5 24.Rf1 e4 25.fxe4 Qxe4 26.Qc1 Kb8 27.b3 f5 28.Qd2 Ka8
29.Rf2 Rg3 30.Re2 Qf4 31.a4 Be4 32.Ka2 Qc7 33.Qd4 Rg8 34.Rd2 Qc6 35.Kb2 Qc7
36.Nc4 Qg7 37.Qxg7 Rxg7 38.Rd8+ Ka7 39.a5 b5 40.axb6+ Kb7 41.Nd6+ Kxb6 42.Nxe4 fxe4
43.Re8 Rxg2 44.Rxe4 h5 45.Rxh4 Rg5 46.c4 Rf5 47.Ka3 Rg5 48.Rf4 Rg3 49.h4 Rg4
50.Rf6+ Kb7 51.Kb4 Rxh4 52.Ka5 Rh1 53.Rb6+ Kc7 54.Kxa6 Rb1 55.b4 h4 56.Ka5 h3
57.Rh6  1-0

[Event "Liechtenstein op"]
[Site "Liechtenstein"]
[Date "1993.??.??"]
[Round "2"]
[White "Nykopp, Jan Michael F"]
[Black "Csom, Istvan"]
[Result "0-1"]
[WhiteElo "2245"]
[BlackElo "2475"]

1.e4 c5 2.Nf3 d6 3.d4 cxd4 4.Nxd4 Nf6 5.Nc3 Nc6 6.Bg5 e6 7.Qd2 a6 8.O-O-O h6
9.Bf4 Bd7 10.Nxc6 Bxc6 11.Bxd6 Bxd6 12.Qxd6 Qxd6 13.Rxd6 Bxe4 14.Rd2 Bc6
15.f3 Ke7 16.Be2 g5 17.Re1 Rhd8 18.Rxd8 Rxd8 19.Bf1 h5 20.Rd1 Rc8 21.Rd2 h4
22.Rf2 Nh5 23.Ne2 Rd8 24.Nc3 f5 25.h3 Rc8 26.Rd2 Nf4 27.Ne2 Ng6 28.Nd4 Bd7
29.Kd1 Rc7 30.Ke1 Ne5 31.Kf2 Kf6 32.c3 b5 33.a3 Bc8 34.Nb3 Bb7 35.Rd6 Ke7
36.Rd2 Bd5 37.Nd4 Kf6 38.Be2 Nd7 39.Bf1 Nb6 40.Be2 Ke5 41.Bd3 Kf6 42.Be2 Rc8
43.Nc2 Ke7 44.Ne3 Bb7 45.Bd1 Rc5 46.Be2 Rc7 47.Bf1 Bd5 48.Bd3 Bb3 49.Bc2 Bxc2
50.Rxc2 Rd7 51.Ke2 Nc4 52.Nf1 a5 53.Ne3 a4 54.Nf1 Rd5 55.Kf2 Kd6 56.Ne3 Rd3
57.Nxc4+ bxc4 58.Re2 Kd5 59.Rc2 e5 60.Re2 e4 61.fxe4+ fxe4 62.Rc2 Ke5 63.Ke2 Kf4
64.Rc1 e3 65.Rf1+ Ke4 66.Rf8 Rd2+ 67.Kf1 Rxb2 68.Rd8 Rf2+ 69.Kg1 Rd2 70.Re8+ Kd3  0-1

[Event "SWE-chA"]
[Site "Lindesberg"]
[Date "1993.??.??"]
[Round "?"]
[White "Moberg, Karl Johan"]
[Black "Hjelm, Niclas"]
[Result "0-1"]
[WhiteElo "2300"]
[BlackElo "2255"]

1.e4 c5 2.Nf3 Nc6 3.d4 cxd4 4.Nxd4 Nf6 5.Nc3 d6 6.Bg5 e6 7.Qd2 a6 8.O-O-O h6
9.Be3 Be7 10.f4 Nxd4 11.Bxd4 b5 12.Bd3 b4 13.Ne2 e5 14.fxe5 dxe5 15.Be3 O-O
16.Kb1 Be6 17.Rhf1 Qa5 18.b3 Rfd8 19.Ng3 Ng4 20.Nf5 Bc5 21.Nxh6+ gxh6 22.Bxh6 Kh7
23.Bg5 Rg8 24.h3 Nf2 25.Bf6 Qb6 26.Qe2 Bg4 27.hxg4 Qxf6 28.Bc4 Kg7 29.Rd7 Ra7
30.Rd2 Rh8 31.g5 Qf4 32.Rxf2 Rh1+ 33.Rf1 Rxf1+ 34.Qxf1 Qxd2 35.Qf6+ Kg8 36.Bxf7+ Rxf7
37.Qg6+ Kf8 38.Qh6+ Ke7  0-1

[Event "SWE-ch"]
[Site "Lindesberg"]
[Date "1993.??.??"]
[Round "2"]
[White "Ernst, Thomas"]
[Black "Jonsson, Hans"]
[Result "1-0"]
[WhiteElo "2480"]
[BlackElo "2345"]

1.e4 c5 2.Nf3 d6 3.d4 cxd4 4.Nxd4 Nf6 5.Nc3 Nc6 6.Bg5 e6 7.Qd2 a6 8.O-O-O h6
9.Bf4 Bd7 10.Nxc6 Bxc6 11.f3 d5 12.Qe1 Bb4 13.a3 Ba5 14.exd5 Nxd5 15.b4 Nxf4
16.Rxd8+ Bxd8 17.h4 O-O 18.Qe3 Nd5 19.Nxd5 Bxd5 20.g4 Be7 21.g5 h5 22.Kb2 b5
23.Be2 Rfc8 24.Rd1 Rc7 25.Rxd5 exd5 26.Qe5 Rac8 27.Bd3 g6 28.f4 Bf8 29.Qxd5 Bg7+
30.Ka2 Re7 31.f5 gxf5 32.Qxf5 Rd8 33.g6 fxg6 34.Qg5 Rdd7 35.Qxg6 Re1 36.Qh7+ Kf8
37.Qf5+ Kg8 38.c3 Rd8 39.Be4 Red1 40.Qe6+ Kh8 41.Qg6 Kg8 42.Qxa6 Bxc3 43.Qxb5 Bg7
44.Qxh5 R1d4 45.Qh7+ Kf7 46.Qg6+ Kg8 47.Qe6+ Kh8 48.Qf5 Kg8 49.h5 R4d6 50.a4 Rf6
51.Qc5 Rf4 52.Qc6 Rh4 53.Qe6+ Kh8 54.Qg6 Kg8 55.a5 Rb8 56.Ka3  1-0

[Event "Lisboa-ch"]
[Site "Lisboa"]
[Date "1993.??.??"]
[Round "5"]
[White "Oliveira, Antonio"]
[Black "Rocha, Sergio"]
[Result "1/2-1/2"]
[WhiteElo "2290"]
[BlackElo "2310"]

1.e4 c5 2.Nf3 d6 3.d4 cxd4 4.Nxd4 Nf6 5.Nc3 Nc6 6.Bg5 a6 7.Qd2 Nxd4 8.Qxd4 e5
9.Qd2 Be6 10.O-O-O Qa5 11.Bxf6 gxf6 12.Kb1 Rc8 13.Nd5 Qxd2 14.Rxd2 f5 15.exf5 Bxf5
16.Nf6+ Kd8 17.Bd3 Be6 18.Be4 Bh6 19.Rd3 Bg5 20.Rf3 Bxf6 21.Rxf6 Ke7 22.Rf3 d5
23.Bf5 e4 24.Bxe6 Kxe6 25.Rf4 f5 26.f3 Ke5 27.g3 h5 28.Rf1 Rh6 29.fxe4 fxe4
30.Rf5+ Ke6 31.Kc1 b5 32.Rg5 h4 33.g4 Rc4 34.Rd1 e3 35.Rdxd5 Re4 36.Kd1 Rf6
37.Rdf5 Rxf5 38.gxf5+ Ke5 39.Rh5 Rf4 40.Ke2 Ke4 41.Ke1 Kf3 42.f6 Rxf6 43.Rxh4 Rc6
44.Rh3+ Kf4 45.Rh4+  1/2-1/2

[Event "Ljubljana op"]
[Site "Ljubljana"]
[Date "1993.??.??"]
[Round "?"]
[White "Mazi, Leon"]
[Black "Grosar, Aljosa"]
[Result "0-1"]
[WhiteElo "2345"]
[BlackElo "2470"]

1.e4 c5 2.Nf3 d6 3.d4 cxd4 4.Nxd4 Nf6 5.Nc3 Nc6 6.Bg5 e6 7.Qd2 a6 8.O-O-O Bd7
9.f3 Be7 10.h4 b5 11.Nxc6 Bxc6 12.Ne2 Qc7 13.g4 Rd8 14.Ng3 O-O 15.Qe1 b4
16.Kb1 a5 17.Bc1 d5 18.e5 Nd7 19.f4 Nc5 20.g5 a4 21.h5 b3 22.cxb3 axb3 23.a3 d4
24.Rh2 Na4 25.Bd3 Bf3 26.Rdd2 Nc3+ 27.Ka1 Na2 28.Rdf2 Bd5 29.Bd2 Ra8 30.Ne4 Nb4
31.Nf6+ Bxf6 32.Bxb4 Be7 33.Rf1 Rfb8 34.Bxe7 Qxe7 35.Qc1 Rc8 36.Qe1 Rxa3+
37.bxa3 Qxa3+ 38.Kb1 Ra8 39.Bxh7+ Kxh7 40.g6+ Kh8  0-1

[Event "Loosdorf op"]
[Site "Loosdorf"]
[Date "1993.??.??"]
[Round "2"]
[White "Csoke, Adrienn"]
[Black "Gyorkos, Lajos"]
[Result "1/2-1/2"]
[WhiteElo "2235"]
[BlackElo "2435"]

1.e4 c5 2.Nf3 d6 3.d4 cxd4 4.Nxd4 Nf6 5.Nc3 Nc6 6.Bg5 e6 7.Qd2 a6 8.O-O-O Bd7
9.f4 b5 10.Bxf6 gxf6 11.Nxc6 Bxc6 12.Qe1 Ra7 13.Bd3 Qb6 14.Qg1 Qxg1 15.Rhxg1 h5
16.Rgf1 Be7 17.f5 Ra8 18.a3 Kd7 19.Rf4 h4 20.Be2 Rhg8 21.Bf3 Kc7 22.h3 Rab8
23.b4 Bd7 24.Kb2 a5 25.Bg4 Rb7 26.Rf3 Kb6 27.Ne2 axb4 28.axb4 Rc8 29.Rc3 Ra8
30.fxe6 fxe6 31.Nf4 Ra4 32.Rb3 Rba7 33.Bxe6 Bxe6 34.Nxe6 d5 35.Rxd5 Bxb4
36.Rxb4 Rxb4+ 37.Kc3 Rxe4 38.Rd6+ Ka5 39.Nd4 f5 40.Nc6+ Kb6 41.Nxa7+ Kxa7
42.Rd5 Re2 43.Rxb5 Rxg2 44.Rxf5 Rg3+  1/2-1/2

[Event "Lublin-B"]
[Site "Lublin"]
[Date "1993.??.??"]
[Round "11"]
[White "Varavin, Viktor"]
[Black "Kluss, Kai"]
[Result "1-0"]
[WhiteElo "2460"]
[BlackElo "2235"]

1.e4 c5 2.Nf3 Nc6 3.d4 cxd4 4.Nxd4 Nf6 5.Nc3 d6 6.Bg5 Qa5 7.Bxf6 gxf6 8.Nb3 Qb6
9.Qd2 a6 10.O-O-O e6 11.f4 h5 12.Kb1 Bd7 13.Be2 O-O-O 14.Rhf1 Kb8 15.h4 Rc8
16.Bf3 Be7 17.Qf2 Qc7 18.Na4 Nb4 19.Nb6 Bb5 20.Nxc8 Rxc8 21.Rh1 e5 22.Rd2 a5
23.a3 Nc6 24.Bxh5 a4 25.Nc1 Bc4 26.Bg4 f5 27.Bxf5 Rg8 28.fxe5 dxe5 29.h5 Qa5
30.h6 Bxa3 31.h7 Rh8 32.bxa3 Qb5+ 33.Ka1 Nd4 34.Rxd4  1-0

[Event "Wch Team"]
[Site "Luzern"]
[Date "1993.??.??"]
[Round "2"]
[White "Hjartarson, Johann"]
[Black "Serper, Grigory"]
[Result "1/2-1/2"]
[WhiteElo "2605"]
[BlackElo "2575"]

1.e4 c5 2.Nf3 d6 3.d4 cxd4 4.Nxd4 Nf6 5.Nc3 Nc6 6.Bg5 e6 7.Qd2 a6 8.O-O-O h6
9.Be3 Be7 10.f3 Nxd4 11.Bxd4 b5 12.Kb1 Rb8 13.Qf2 Qa5 14.h4 b4 15.Ne2 e5
16.Ba7 Rb7 17.Nc1 Be6 18.Nb3 Qc7 19.Be3 a5 20.Ba6 a4 21.Nc1 Rb8 22.g4 Nd7
23.b3 Qc6 24.Bd3 Nc5 25.Bxc5  1/2-1/2

[Event "Wch Team"]
[Site "Luzern"]
[Date "1993.??.??"]
[Round "2"]
[White "Rodriguez, Amador"]
[Black "Rausis, Igors"]
[Result "1/2-1/2"]
[WhiteElo "2490"]
[BlackElo "2575"]

1.e4 c5 2.Nf3 d6 3.d4 cxd4 4.Nxd4 Nf6 5.Nc3 Nc6 6.Bg5 e6 7.Qd2 a6 8.O-O-O h6
9.Be3 Qc7 10.f3 Bd7 11.g4 Rc8 12.Kb1 Ne5 13.h4 b5 14.Bd3 g6 15.g5 hxg5 16.hxg5 Rxh1
17.Rxh1 Nh5 18.Nce2 Bg7 19.Rd1 Rb8  1/2-1/2

[Event "Lyon op"]
[Site "Lyon"]
[Date "1993.??.??"]
[Round "9"]
[White "Gallagher, Joseph G"]
[Black "Lanka, Zigurds"]
[Result "1/2-1/2"]
[WhiteElo "2500"]
[BlackElo "2545"]

1.e4 c5 2.Nf3 Nc6 3.d4 cxd4 4.Nxd4 Nf6 5.Nc3 d6 6.Bg5 e6 7.Qd2 a6 8.O-O-O h6
9.Be3 Qc7 10.f3 Rb8 11.Kb1 Be7 12.g4 Nxd4 13.Bxd4 b5 14.h4 b4 15.Ne2 e5 16.Be3 Be6  1/2-1/2

[Event "Madrid"]
[Site "Madrid"]
[Date "1993.??.??"]
[Round "8"]
[White "Topalov, Veselin"]
[Black "San Segundo, Pablo"]
[Result "1/2-1/2"]
[WhiteElo "2635"]
[BlackElo "2440"]

1.e4 c5 2.Nf3 d6 3.d4 cxd4 4.Nxd4 Nf6 5.Nc3 Nc6 6.Bg5 e6 7.Qd2 a6 8.O-O-O h6
9.Bf4 Bd7 10.Nxc6 Bxc6 11.f3 d5 12.Qe1 Bb4 13.a3 Ba5 14.Bd2 Rc8 15.Kb1 dxe4
16.fxe4 Qe7 17.e5 Nd7 18.Qg3 Bc7 19.Qxg7 Bxe5 20.Qg4 Nf6 21.Qh3  1/2-1/2